[Event "Airthings Masters - Torneo Preliminare"]
[Site "Internet"]
[Date "03.02.2023"]
[Round "5"]
[White "Antipov, Mikhail Al."]
[Black "Martinez Alcantara, Jose Eduardo"]
[Result "1-0"]
[WhiteTitle ""]
[BlackTitle ""]
[WhiteElo "2581"]
[BlackElo "2607"]
[WhiteFideId "4107012"]
[BlackFideId "3805662"]
[EventDate "2023.02.03"]

1. e4 e5 2. Nf3 Nf6 3. Nc3 Bb4 4. Nxe5 O-O 5. Be2 Re8 6. Nd3 Bxc3 7. dxc3 Nxe4
8. c4 d6 9. O-O Nd7 10. Re1 b6 11. Bf1 Bb7 12. b3 Qf6 13. Bb2 Qg6 14. Qf3 Rab8
15. Qh3 Ndf6 16. Qh4 Ng5 17. Kh1 Rxe1 18. Nxe1 Re8 19. Bd3 Be4 20. f4 Ne6 21.
Bxf6 Bxd3 22. Nxd3 Qxf6 23. Qxf6 gxf6 24. Re1 Kf8 25. g3 Nd4 26. Rxe8+ Kxe8 27.
Ne1 Ke7 28. Kg2 a5 29. Kf2 f5 30. Ke3 Ne6 31. Nf3 Kf6 32. a3 h6 33. Nd2 Nc5 34.
b4 axb4 35. axb4 Na6 36. b5 Nc5 37. Nf3 Na4 38. Ne1 Nb2 39. Kd4 Ke6 40. Nd3 Nd1
41. Nb4 Nf2 42. Nd5 Kd7 43. Nf6+ Ke6 44. Ne8 Kd7 45. Ng7 Ng4 46. h4 Nf6 47. Nxf5
h5 48. Ne3 Ke6 49. Nd5 Nxd5 50. cxd5+ Kf5 51. Ke3 Kg4 52. Kf2 Kh3 53. f5 Kg4 54.
f6 Kf5 55. Kf3 Kxf6 56. g4 Kg6 57. Kf4 Kh6 58. Kf5 hxg4 59. Kxg4 Kg6 60. h5+ Kf6
61. Kf4 Kg7 62. Kg5 Kh7 63. c4 Kg8 64. Kf6 Kf8 65. h6 Kg8 66. h7+ Kxh7 67. Kxf7
c6 68. Ke7 cxb5 69. cxb5 Kg6 70. Kxd6 Kf5 71. Kc6 Ke5 72. d6 Ke6 73. d7 Ke7 74.
Kc7 Ke6 75. d8=Q Ke5 76. Qd6+ Ke4 77. Qxb6 Kf3 78. Qd6 Ke4 79. b6 Kf3 80. b7 Ke4
81. b8=Q Kf3 82. Qbf8+ Ke4 83. Qff4# 1-0

[Event "Airthings Masters - Torneo Preliminare"]
[Site "Internet"]
[Date "03.02.2023"]
[Round "5"]
[White "Rakhmanov, Aleksandr"]
[Black "Tabatabaei, M. Amin"]
[Result "1-0"]
[WhiteTitle ""]
[BlackTitle ""]
[WhiteElo "2635"]
[BlackElo "2677"]
[WhiteFideId "4173708"]
[BlackFideId "12521213"]
[EventDate "2023.02.03"]

1. c4 e5 2. Nf3 Nc6 3. d4 exd4 4. Nxd4 Bb4+ 5. Bd2 Bc5 6. Nb3 Be7 7. Nc3 Nf6 8.
Nd5 O-O 9. Rc1 a5 10. Bc3 Ne4 11. a3 Re8 12. e3 Bf8 13. Be2 Nxc3 14. Rxc3 g6 15.
O-O Bg7 16. Rc2 d6 17. Bg4 f5 18. Be2 a4 19. Nd2 Ne5 20. Nf3 c6 21. Nf4 Qe7 22.
Rd2 Nf7 23. Qc2 Bh6 24. h4 Bg7 25. Rfd1 Bf6 26. g3 Kg7 27. Nd4 Bd7 28. Bd3 Kg8
29. Bf1 Ne5 30. Be2 Red8 31. Nf3 Be8 32. Nd4 Bf7 33. Kg2 Ng4 34. h5 Ne5 35. hxg6
hxg6 36. Rh1 Bg7 37. Nf3 Bf6 38. Nd4 Re8 39. Rhd1 Nd7 40. Nf3 Nc5 41. Rxd6 Rad8
42. Rxd8 Rxd8 43. Rxd8+ Qxd8 44. Nd3 Nxd3 45. Bxd3 Bxb2 46. Bxf5 gxf5 47. Qxb2
Bxc4 48. Qxb7 Bd5 49. Qb4 Bxf3+ 50. Kxf3 Qd1+ 51. Kg2 Qb3 52. Qd6 Qc2 53. Qg6+
Kf8 54. g4 Qe4+ 55. f3 Qc2+ 56. Kh3 fxg4+ 57. Qxg4 c5 58. e4 c4 59. Qf5+ Ke8 60.
Qe6+ Kd8 61. Qg8+ Kc7 62. Qf7+ Kc6 63. e5 c3 64. e6 Qd3 65. e7 Qf1+ 66. Kg3 Qg1+
67. Kf4 Qd4+ 68. Kf5 Qd7+ 69. Qe6+ Kc7 70. e8=Q 1-0

[Event "Airthings Masters - Torneo Preliminare"]
[Site "Internet"]
[Date "03.02.2023"]
[Round "5"]
[White "Pranav, Anand"]
[Black "Paravyan, David"]
[Result "1/2-1/2"]
[WhiteTitle ""]
[BlackTitle ""]
[WhiteElo "2525"]
[BlackElo "2586"]
[WhiteFideId "46626786"]
[BlackFideId "4194985"]
[EventDate "2023.02.03"]

1. d4 Nf6 2. c4 g6 3. Nc3 d5 4. cxd5 Nxd5 5. e4 Nxc3 6. bxc3 Bg7 7. Nf3 c5 8.
Be3 Bg4 9. Qd2 cxd4 10. cxd4 Nc6 11. Rd1 O-O 12. Be2 Qa5 13. Qxa5 Nxa5 14. h3
Bxf3 15. Bxf3 Rac8 16. O-O Rc2 17. d5 b6 18. Rc1 Rfc8 19. Bg4 R8c3 20. Rxc2 Rxc2
21. Bg5 Bf6 22. Rc1 Rxc1+ 23. Bxc1 Nc4 24. Be2 Nd6 25. Bd3 Bd4 26. Kf1 f6 27. f4
Kf7 28. Ke2 a5 29. a4 Nb7 30. Ba3 Nc5 31. Bc2 h5 32. Kf3 Kg7 33. Bc1 Kf7 34. g4
hxg4+ 35. hxg4 Kg7 36. Be3 Bxe3 37. Kxe3 e5 38. g5 exf4+ 39. Kxf4 Nd7 40. d6 Ne5
41. Bb3 Nd7 42. Bc4 Ne5 43. Be6 Nd3+ 44. Ke3 Nc5 45. Bg4 Nb7 46. Kd4 b5 47. axb5
a4 48. b6 a3 49. Be6 Nxd6 50. gxf6+ Kxf6 51. Ba2 Ke7 52. e5 Nb7 53. Kd5 g5 54.
Kc6 Nd8+ 55. Kd5 Nb7 56. Kc6 Nd8+ 57. Kd5 Kd7 58. Ke4 Kc6 59. Kf5 Kxb6 60. Kxg5
Kc5 61. Kf6 Nc6 62. e6 Kd6 63. Kf7 Ne7 64. Kf6 Nc6 65. Kf7 Ne5+ 66. Kf6 Ng4+ 67.
Kf5 Ne3+ 68. Kf6 Nd5+ 69. Bxd5 Kxd5 70. e7 a2 71. e8=Q a1=Q+ 72. Kf7 Qe5 73.
Qxe5+ Kxe5 1/2-1/2

[Event "Airthings Masters - Torneo Preliminare"]
[Site "Internet"]
[Date "03.02.2023"]
[Round "5"]
[White "Kobo, Ori"]
[Black "Kamsky, Gata"]
[Result "0-1"]
[WhiteTitle ""]
[BlackTitle ""]
[WhiteElo "2548"]
[BlackElo "2664"]
[WhiteFideId "2812320"]
[BlackFideId "2000024"]
[EventDate "2023.02.03"]

1. e4 g6 2. d4 d6 3. Nc3 Bg7 4. Nf3 a6 5. Be3 b5 6. Bd3 e6 7. a4 b4 8. Nb1 Nd7
9. a5 Ngf6 10. Nbd2 O-O 11. O-O Bb7 12. c3 bxc3 13. bxc3 c5 14. Qe2 Qc7 15. Rfb1
Rfb8 16. h3 Bc6 17. Rxb8+ Qxb8 18. Rb1 Qc7 19. Ra1 h6 20. Bf4 cxd4 21. cxd4 e5
22. dxe5 dxe5 23. Bh2 Nh5 24. Bxa6 Nf4 25. Bxf4 exf4 26. Rc1 Nb8 27. Bc4 Rxa5
28. Nb3 Ra7 29. Bd5 Qb6 30. Qc4 Be8 31. e5 Re7 32. Qxf4 Nd7 33. Rc6 Qb5 34. Qc4
Qxc4 35. Rxc4 Nxe5 36. Nxe5 Bxe5 37. g3 Kg7 38. Bc6 Rc7 39. Bd5 Rxc4 40. Bxc4
Bc6 41. Nd2 Bd4 42. Be2 f5 43. Bf3 Bd7 44. Kg2 Kf6 45. Ba8 g5 46. Nf3 Bc5 47.
Nd2 h5 48. g4 Bb4 49. Nf3 fxg4 50. hxg4 Bxg4 51. Nd4 Bc8 52. Be4 Bc5 53. Ne2 Bd6
54. f3 Ke5 55. Nc1 h4 56. Nd3+ Kd4 57. Nf2 Bf4 58. Bc6 Ke3 59. Nh3 Bf5 60. Bb7
Ke2 61. Ba6+ Ke1 62. Nf2 Be3 63. Ng4 Bd4 64. Bc4 Kd2 65. Nh6 Bd7 66. Ng4 Kc3 67.
Ba6 Kb4 68. Bd3 Kc5 69. Ba6 Kd6 70. Bd3 Ke6 71. Bc4+ Kf5 72. Bd5 Kf4 73. Nh2 h3+
74. Kh1 Bb5 75. Bb7 Kg3 76. Ng4 Bf1 0-1

[Event "Airthings Masters - Torneo Preliminare"]
[Site "Internet"]
[Date "03.02.2023"]
[Round "5"]
[White "Pakleza, Zbigniew"]
[Black "Radjabov, Teimour"]
[Result "0-1"]
[WhiteTitle ""]
[BlackTitle ""]
[WhiteElo "2496"]
[BlackElo "2747"]
[WhiteFideId "1119290"]
[BlackFideId "13400924"]
[EventDate "2023.02.03"]

1. d4 Nf6 2. Nf3 g6 3. Bf4 Bg7 4. e3 d6 5. h3 O-O 6. Be2 b6 7. O-O Bb7 8. c3
Nbd7 9. a4 a6 10. Nbd2 Re8 11. Bh2 e5 12. Qb3 h6 13. Rfd1 Qe7 14. Qa3 Qe6 15. a5
b5 16. c4 c6 17. Rac1 Rac8 18. d5 cxd5 19. cxb5 axb5 20. Bxb5 d4 21. a6 Ba8 22.
Rxc8 Rxc8 23. exd4 e4 24. Ne1 Qf5 25. Bxd7 Nxd7 26. Qxd6 Qb5 27. a7 Bf8 28. Qf4
Qa4 29. Qg4 h5 30. Qe2 Qxa7 31. Nxe4 Re8 32. Be5 Qa4 33. Nc3 Qb3 34. Qc2 Qb7 35.
Qa4 f6 36. Nf3 fxe5 37. dxe5 Re7 38. Nd5 Re6 39. Nf4 Nc5 40. Qc4 Qa6 41. Qc3 Re8
42. e6 Nxe6 43. Nxg6 Bg7 44. Qb3 Qb7 45. Qc4 Qe4 46. Qxe4 Bxe4 47. Ngh4 Bxb2 48.
Re1 Bc6 49. Rb1 Bf6 50. Rb6 Nd8 51. Nf5 Re6 52. Ne3 Bxf3 53. Rxe6 Nxe6 54. gxf3
Nf4 55. Kh2 Be5 56. h4 Kf7 57. Nc4 Bc7 58. Ne3 Ke6 59. Kg3 Ng6+ 60. Kh3 Nf4+ 61.
Kg3 Bb8 62. Kh2 Ke5 63. Kg3 Ng6 64. Kh3 Kf4 65. Nd5+ Kxf3 66. Nf6 Nf4+ 67. Kh2
Nd5+ 68. Kh3 Nf4+ 69. Kh2 Be5 70. Nxh5 Nxh5+ 71. Kh3 Bd4 72. Kh2 Bxf2 73. Kh3
Nf4+ 74. Kh2 Bxh4 75. Kg1 Bg3 76. Kh1 Nd5 77. Kg1 Ne3 78. Kh1 Bf2 79. Kh2 Nf5
80. Kh1 Nd4 81. Kh2 Bg3+ 82. Kh1 Ne6 83. Kg1 Ng5 84. Kh1 Kg4 85. Kg1 Kh3 86. Kh1
Bf4 87. Kg1 Ne4 88. Kh1 Ng3+ 89. Kg1 Be3# 0-1

[Event "Airthings Masters - Torneo Preliminare"]
[Site "Internet"]
[Date "03.02.2023"]
[Round "6"]
[White "Iniyan, P"]
[Black "Kovalenko, Igor"]
[Result "1-0"]
[WhiteTitle ""]
[BlackTitle ""]
[WhiteElo "2514"]
[BlackElo "2674"]
[WhiteFideId "25002767"]
[BlackFideId "14117908"]
[EventDate "2023.02.03"]

1. d4 Nf6 2. c4 g6 3. Nc3 Bg7 4. e4 d6 5. Nf3 Bg4 6. Be2 Nfd7 7. Ng1 Bxe2 8.
Ngxe2 e5 9. Be3 O-O 10. Qd2 exd4 11. Nxd4 Nc6 12. Nxc6 bxc6 13. O-O Re8 14. f3
Qb8 15. b3 Qb4 16. Rac1 a5 17. Na4 Qxd2 18. Bxd2 f5 19. exf5 Re2 20. Rfd1 gxf5
21. Kf1 Bh6 22. Kxe2 1-0

[Event "Airthings Masters - Torneo Preliminare"]
[Site "Internet"]
[Date "03.02.2023"]
[Round "6"]
[White "Arjun, Kalyan"]
[Black "Swiercz, Dariusz"]
[Result "0-1"]
[WhiteTitle ""]
[BlackTitle ""]
[WhiteElo "2516"]
[BlackElo "2646"]
[WhiteFideId "35018701"]
[BlackFideId "1126881"]
[EventDate "2023.02.03"]

1. e4 c5 2. Nf3 Nc6 3. d4 cxd4 4. Nxd4 e5 5. Nb5 d6 6. c4 g6 7. N1c3 a6 8. Na3
Be6 9. Nc2 Bg7 10. Be3 Rc8 11. Be2 f5 12. Nd5 Nf6 13. exf5 gxf5 14. Bh5+ Kf8 15.
Bb6 Qd7 16. Nxf6 Bxf6 17. b3 Rg8 18. O-O Ne7 19. f4 Qc6 0-1

[Event "Airthings Masters - Torneo Preliminare"]
[Site "Internet"]
[Date "03.02.2023"]
[Round "6"]
[White "Tabatabaei, M. Amin"]
[Black "Pakleza, Zbigniew"]
[Result "1-0"]
[WhiteTitle ""]
[BlackTitle ""]
[WhiteElo "2677"]
[BlackElo "2496"]
[WhiteFideId "12521213"]
[BlackFideId "1119290"]
[EventDate "2023.02.03"]

1. e4 d6 2. d4 Nf6 3. Nc3 c6 4. f4 Qb6 5. Nf3 Bg4 6. h3 Bxf3 7. Qxf3 e5 8. dxe5
dxe5 9. fxe5 Nfd7 10. e6 fxe6 11. Bc4 Na6 12. Bxe6 O-O-O 13. Bg5 Qxb2 14. Rb1
Qxc2 15. Bxd8 Bb4 16. Bxd7+ Kxd8 17. O-O Qxc3 18. Qxc3 Bxc3 19. Rxb7 g6 20. Bxc6
Nc5 21. Rxa7 1-0

[Event "Airthings Masters - Torneo Preliminare"]
[Site "Internet"]
[Date "03.02.2023"]
[Round "6"]
[White "Bluebaum, Matthias"]
[Black "Ghosh, Diptayan"]
[Result "1-0"]
[WhiteTitle ""]
[BlackTitle ""]
[WhiteElo "2663"]
[BlackElo "2553"]
[WhiteFideId "24651516"]
[BlackFideId "5045207"]
[EventDate "2023.02.03"]

1. d4 Nf6 2. c4 e6 3. Nc3 Bb4 4. e3 O-O 5. Bd2 c5 6. a3 Bxc3 7. Bxc3 Ne4 8. Ne2
b6 9. d5 Ba6 10. Qd3 exd5 11. Qxd5 Qe7 12. b3 Re8 13. Bb2 Nxf2 14. Kxf2 Qxe3+
15. Ke1 Qxb3 16. Qd2 Bxc4 17. Kf2 Nc6 18. h4 Ne5 19. Bxe5 Rxe5 20. Rh3 Qb5 21.
Nc3 Qa6 22. Qf4 Bxf1 23. Qxe5 1-0

[Event "Airthings Masters - Torneo Preliminare"]
[Site "Internet"]
[Date "03.02.2023"]
[Round "6"]
[White "Nepomniachtchi, Ian"]
[Black "Kramnik, Vladimir"]
[Result "1/2-1/2"]
[WhiteTitle ""]
[BlackTitle ""]
[WhiteElo "2793"]
[BlackElo "2753"]
[WhiteFideId "4168119"]
[BlackFideId "4101588"]
[EventDate "2023.02.03"]

1. e4 e5 2. f4 exf4 3. Nf3 d6 4. Bc4 h6 5. h4 Nf6 6. Nc3 Be7 7. d4 Nh5 8. Nd5
Bg4 9. Qd3 Nc6 10. Nxf4 Nxf4 11. Bxf4 Bxf3 12. gxf3 Bxh4+ 13. Ke2 Qf6 14. Be3
Bg5 15. Bf2 O-O-O 16. Bb5 Ne7 17. Raf1 d5 18. e5 Qb6 19. Bg3 g6 20. f4 Nf5 21.
fxg5 1/2-1/2

[Event "Airthings Masters - Torneo Preliminare"]
[Site "Internet"]
[Date "03.02.2023"]
[Round "6"]
[White "Pap, Gyula"]
[Black "Bok, Benjamin"]
[Result "0-1"]
[WhiteTitle ""]
[BlackTitle ""]
[WhiteElo "2429"]
[BlackElo "2607"]
[WhiteFideId "725323"]
[BlackFideId "1017063"]
[EventDate "2023.02.03"]

1. e4 c5 2. Nf3 d6 3. c3 Nf6 4. Qc2 Qc7 5. Bc4 Bg4 6. d4 Bxf3 7. gxf3 e6 8. Be3
Nbd7 9. Nd2 g6 10. Qb3 Bg7 11. Bxe6 fxe6 12. Qxe6+ Kd8 13. Nc4 cxd4 14. Bf4 Re8
15. Qf7 Re7 16. Nxd6 Qxd6 0-1

[Event "Airthings Masters - Torneo Preliminare"]
[Site "Internet"]
[Date "03.02.2023"]
[Round "6"]
[White "Le, Tuan Minh"]
[Black "Daggupati, Balaji"]
[Result "1-0"]
[WhiteTitle ""]
[BlackTitle ""]
[WhiteElo "2542"]
[BlackElo "2507"]
[WhiteFideId "12401153"]
[BlackFideId "2090759"]
[EventDate "2023.02.03"]

1. d4 d5 2. Nf3 Nf6 3. Bf4 c5 4. c3 Nc6 5. e3 Qb6 6. Qc2 Bf5 7. dxc5 Bxc2 8.
cxb6 axb6 9. Na3 Bf5 10. Nb5 Kd7 11. Be2 e6 12. O-O h6 13. c4 Bc5 14. a3 Rhc8
15. Rfd1 Bc2 16. Rd2 Bb3 17. cxd5 Nxd5 18. e4 Bb4 19. exd5 Bxd2 20. dxc6+ bxc6
21. Nxd2 Bc2 22. Nd6 Rf8 23. N6c4 Ra6 24. Ne5+ Ke7 25. Bxa6 1-0

[Event "Airthings Masters - Torneo Preliminare"]
[Site "Internet"]
[Date "03.02.2023"]
[Round "6"]
[White "Andreikin, Dmitry"]
[Black "Guseinov, Gadir"]
[Result "1/2-1/2"]
[WhiteTitle ""]
[BlackTitle ""]
[WhiteElo "2729"]
[BlackElo "2661"]
[WhiteFideId "4158814"]
[BlackFideId "13401378"]
[EventDate "2023.02.03"]

1. Nf3 g6 2. e4 c5 3. c3 d5 4. exd5 Qxd5 5. d4 Bg7 6. Na3 cxd4 7. Bc4 Qe4+ 8.
Be3 Nh6 9. cxd4 O-O 10. O-O Bg4 11. Re1 Bxf3 12. Bxh6 Bxd1 13. Rxe4 Bxh6 14.
Rxd1 Bg5 15. Re5 Bf6 16. Rb5 Nc6 17. d5 Nd8 18. d6 1/2-1/2

[Event "Airthings Masters - Torneo Preliminare"]
[Site "Internet"]
[Date "03.02.2023"]
[Round "6"]
[White "Fier, Alexandr"]
[Black "Svidler, Peter"]
[Result "0-1"]
[WhiteTitle ""]
[BlackTitle ""]
[WhiteElo "2606"]
[BlackElo "2683"]
[WhiteFideId "2107139"]
[BlackFideId "4102142"]
[EventDate "2023.02.03"]

1. e4 c5 2. Nf3 e6 3. d4 cxd4 4. Nxd4 a6 5. c4 Nf6 6. Nc3 Bb4 7. Qd3 O-O 8. Nc2
Bxc3+ 9. bxc3 b5 10. cxb5 axb5 11. Ba3 Re8 12. Bd6 Nc6 13. Be2 Na5 14. e5 Nd5
15. Nb4 Bb7 16. Qd4 Qg5 17. Nxd5 Bxd5 18. f4 Qxg2 19. Rg1 Qxh2 20. Kd2 Nc4+ 21.
Ke1 Nxd6 22. exd6 e5 23. Qf2 Qxf4 24. Bxb5 Qh6 25. Qc5 Bc6 26. Bxc6 Rac8 27. Qa7
Rxc6 28. Rd1 Rxc3 29. Rg2 Rec8 30. Qxd7 Qe3+ 31. Re2 Qg1+ 32. Kd2 Rc2+ 0-1

[Event "Airthings Masters - Torneo Preliminare"]
[Site "Internet"]
[Date "03.02.2023"]
[Round "6"]
[White "Timofeev, Artyom"]
[Black "Jonkman, Harmen"]
[Result "1-0"]
[WhiteTitle ""]
[BlackTitle ""]
[WhiteElo "2567"]
[BlackElo "2328"]
[WhiteFideId "4140419"]
[BlackFideId "1002708"]
[EventDate "2023.02.03"]

1. e4 e5 2. Nf3 Nc6 3. Bb5 Nf6 4. O-O Nxe4 5. d4 Nd6 6. Bxc6 dxc6 7. dxe5 Nf5 8.
Qxd8+ Kxd8 9. Nc3 Bd7 10. h3 h6 11. Rd1 Kc8 12. g4 Ne7 13. Kg2 g5 14. b3 Bg7 15.
Bb2 b6 16. Ne2 c5 17. Rxd7 Kxd7 18. e6+ Kxe6 19. Bxg7 Rhg8 20. Bb2 Nd5 21. Re1
Kd6 22. c4 Nb4 23. a3 Nc6 24. Ng3 Rae8 25. Rd1+ Ke6 26. Nf5 h5 27. Ng7+ Rxg7 28.
Bxg7 hxg4 29. hxg4 Rg8 30. Bc3 f6 31. a4 a6 32. Kg3 Rb8 33. Rh1 Rd8 34. Bxf6 Rd3
35. Bxg5 Rxb3 36. Be3 Rb4 37. Nd2 Rxa4 38. f4 Ra3 39. Kf2 b5 40. f5+ Ke5 41. Rh6
Nd4 42. Bxd4+ cxd4 43. f6 Ke6 44. Ne4 bxc4 45. Ng5+ Kd7 46. f7 Ra2+ 47. Kg3 Ra3+
48. Kf4 1-0

[Event "Airthings Masters - Torneo Preliminare"]
[Site "Internet"]
[Date "03.02.2023"]
[Round "6"]
[White "Robson, Ray"]
[Black "Raja, Harshit"]
[Result "1-0"]
[WhiteTitle ""]
[BlackTitle ""]
[WhiteElo "2702"]
[BlackElo "2465"]
[WhiteFideId "2023970"]
[BlackFideId "5089000"]
[EventDate "2023.02.03"]

1. e4 c5 2. Nf3 d6 3. Bb5+ Bd7 4. c4 Nf6 5. Nc3 g6 6. O-O Bg7 7. d4 cxd4 8. Nxd4
O-O 9. h3 Nc6 10. Bxc6 bxc6 11. c5 Qb8 12. Qe2 Re8 13. Rd1 d5 14. e5 Ne4 15.
Nxe4 dxe4 16. e6 Bxe6 17. Nxe6 fxe6 18. Qxe4 Qe5 19. Qxc6 Rec8 20. Qb7 Qxc5 21.
Be3 Qc7 22. Qa6 Qc6 23. Rd8+ 1-0

[Event "Airthings Masters - Torneo Preliminare"]
[Site "Internet"]
[Date "03.02.2023"]
[Round "6"]
[White "Sjugirov, Sanan"]
[Black "Maghsoodloo, Parham"]
[Result "1/2-1/2"]
[WhiteTitle ""]
[BlackTitle ""]
[WhiteElo "2712"]
[BlackElo "2728"]
[WhiteFideId "4189302"]
[BlackFideId "12539929"]
[EventDate "2023.02.03"]

1. e4 e6 2. d4 d5 3. Nc3 Nf6 4. e5 Nfd7 5. f4 c5 6. Nf3 Nc6 7. Be3 a6 8. Qd2
cxd4 9. Nxd4 Bc5 10. O-O-O Bxd4 11. Bxd4 b5 12. Bf2 b4 13. Na4 Qc7 14. Kb1 a5
15. h4 h5 16. Rc1 Ne7 17. c4 bxc3 18. Rxc3 Qd8 19. Be2 Ba6 20. Bxa6 Rxa6 21.
Rhc1 Ra8 22. Qe2 Rb8 23. Nc5 O-O 24. Qxh5 Rb4 25. Nxd7 Qxd7 26. Bc5 Rb7 27. Qg5
Rfb8 28. Bxe7 Rxb2+ 29. Ka1 Qb7 30. Rc8+ Rxc8 31. Rxc8+ Qxc8 32. Kxb2 d4 33. Bf6
Qc3+ 34. Kb1 Qd3+ 35. Kc1 Qc3+ 36. Kd1 Qd3+ 37. Ke1 Qe3+ 38. Kf1 Qc1+ 39. Kf2
Qe3+ 40. Kf1 Qc1+ 41. Kf2 Qe3+ 42. Kf1 1/2-1/2

[Event "Airthings Masters - Torneo Preliminare"]
[Site "Internet"]
[Date "03.02.2023"]
[Round "6"]
[White "Indjic, Aleksandar"]
[Black "Cardoso Cardoso, Jose Gabriel"]
[Result "1-0"]
[WhiteTitle ""]
[BlackTitle ""]
[WhiteElo "2641"]
[BlackElo "2498"]
[WhiteFideId "911925"]
[BlackFideId "4430492"]
[EventDate "2023.02.03"]

1. d4 Nf6 2. c4 e6 3. Nc3 Bb4 4. Qc2 d5 5. cxd5 exd5 6. Bg5 h6 7. Bh4 g5 8. Bg3
Nc6 9. e3 h5 10. Bd3 h4 11. Be5 Bxc3+ 12. bxc3 Nxe5 13. dxe5 Ng4 14. Nf3 Qe7 15.
Qa4+ Bd7 16. Qb4 h3 17. gxh3 Rxh3 18. Qxe7+ Kxe7 19. Nxg5 Rh5 20. f4 Nxe3 21.
Kf2 Nf5 22. Nf3 Nh4 23. Ng5 c5 24. Rae1 Bf5 25. Be2 Rh6 26. Rd1 Be6 27. h3 Rah8
28. Bg4 Ng6 29. f5 Nxe5 30. Rhe1 Kf6 31. Rxe5 Kxe5 32. fxe6 Rf6+ 33. Kg3 fxe6
34. Nxe6 b6 35. Nc7 d4 36. cxd4+ Kd6 37. Nb5+ Kc6 38. Nxa7+ Kb7 39. Nb5 cxd4 40.
Rxd4 Re8 41. Nd6+ 1-0

[Event "Airthings Masters - Torneo Preliminare"]
[Site "Internet"]
[Date "03.02.2023"]
[Round "6"]
[White "Darini, Pouria"]
[Black "Gadimbayli, Abdulla"]
[Result "1/2-1/2"]
[WhiteTitle ""]
[BlackTitle ""]
[WhiteElo "2405"]
[BlackElo "2507"]
[WhiteFideId "12502200"]
[BlackFideId "13404938"]
[EventDate "2023.02.03"]

1. Nf3 d5 2. d4 Nc6 3. Bf4 Nf6 4. Nbd2 Nh5 5. Be3 g6 6. g3 Bg7 7. Bg2 O-O 8. O-O
e5 9. dxe5 Nxe5 10. Nxe5 Bxe5 11. c3 c6 12. Bd4 Bxd4 13. cxd4 Nf6 14. Qb3 Re8
15. e3 Rb8 16. a4 Bf5 17. a5 a6 18. Qa3 Kg7 19. f3 h5 20. h3 Qc7 21. g4 hxg4 22.
fxg4 Bxg4 23. Rxf6 Kxf6 24. hxg4 Kg7 25. Nf3 Qg3 26. Rf1 Re4 27. Ne5 Rf8 28.
Nxg6 Rfe8 29. Ne5 f6 30. Rxf6 Rxe3 31. Rg6+ Kh7 32. Rh6+ Kg7 33. Rg6+ Kh7 34.
Rh6+ Kg7 35. Rg6+ 1/2-1/2

[Event "Airthings Masters - Torneo Preliminare"]
[Site "Internet"]
[Date "03.02.2023"]
[Round "6"]
[White "Matlakov, Maxim"]
[Black "Drygalov, Sergey"]
[Result "0-1"]
[WhiteTitle ""]
[BlackTitle ""]
[WhiteElo "2662"]
[BlackElo "2547"]
[WhiteFideId "4168003"]
[BlackFideId "24171743"]
[EventDate "2023.02.03"]

1. d4 Nf6 2. c4 e6 3. g3 d5 4. Bg2 Bb4+ 5. Bd2 a5 6. Qa4+ Bd7 7. Qc2 Nc6 8. Nf3
O-O 9. O-O Re8 10. Rd1 Rc8 11. Bg5 h6 12. Bxf6 Qxf6 13. c5 e5 14. a3 Bf5 15. Qc1
exd4 16. axb4 Rxe2 17. Rd2 Rxd2 18. Nbxd2 Nxb4 19. Rxa5 b6 20. Ra3 Nd3 21. Rxd3
Bxd3 22. Nb3 Bc4 23. Nbxd4 bxc5 24. Nc2 Rb8 25. Ne3 Qxb2 26. Qe1 Qb1 0-1

[Event "Airthings Masters - Torneo Preliminare"]
[Site "Internet"]
[Date "03.02.2023"]
[Round "6"]
[White "Guliyev, Namig"]
[Black "Demidov, Mikhail"]
[Result "0-1"]
[WhiteTitle ""]
[BlackTitle ""]
[WhiteElo "2528"]
[BlackElo "2575"]
[WhiteFideId "13400363"]
[BlackFideId "4197143"]
[EventDate "2023.02.03"]

1. e4 Nf6 2. e5 Nd5 3. d4 d6 4. Nf3 Nb6 5. h3 g6 6. Bd3 Bg7 7. O-O O-O 8. Qe2
Nc6 9. Rd1 Nb4 10. Bf4 Nxd3 11. Rxd3 Bf5 12. Rd2 Qd7 13. Nc3 Rad8 14. Re1 Qc6
15. g4 Be6 16. Rdd1 Nd5 17. Nxd5 Bxd5 18. Nh2 dxe5 19. Bxe5 Bxe5 20. dxe5 Rd7
21. b3 b5 22. Rd3 Rfd8 23. Red1 a6 24. f3 Be6 25. Rxd7 Rxd7 26. Rxd7 Qxd7 27.
Nf1 Qd4+ 28. Kg2 Qb2 29. f4 Qxa2 30. Qd3 c6 31. Ne3 Bd5+ 32. Kg3 b4 33. Qd4 Qb1
34. Nxd5 cxd5 35. Qxd5 Qxc2 36. Qd8+ Kg7 37. Qxe7 Qxb3+ 38. Kh4 h6 39. e6 Qxe6
40. Qxb4 Qe3 41. Qb2+ Kh7 42. Qg2 Qe1+ 43. Qg3 g5+ 44. fxg5 hxg5+ 0-1

[Event "Airthings Masters - Torneo Preliminare"]
[Site "Internet"]
[Date "03.02.2023"]
[Round "6"]
[White "Sevian, Samuel"]
[Black "Theodorou, Nikolas"]
[Result "1-0"]
[WhiteTitle ""]
[BlackTitle ""]
[WhiteElo "2687"]
[BlackElo "2584"]
[WhiteFideId "2040506"]
[BlackFideId "4262875"]
[EventDate "2023.02.03"]

1. d4 Nf6 2. c4 e6 3. Nc3 Bb4 4. f3 c5 5. d5 b5 6. e4 d6 7. Ne2 bxc4 8. Nf4 g5
9. Ne2 exd5 10. exd5 Qe7 11. Bxg5 Bxc3+ 12. bxc3 Nbd7 13. Bxf6 Qxf6 14. Qd2 Ne5
15. Ng3 Bf5 16. Qf4 Ng6 17. Qd2 Ne5 18. Qf4 Ng6 19. Qxc4 O-O 20. Be2 Rfe8 21.
O-O Re3 22. Rac1 Rae8 23. Rf2 Qe5 24. f4 Qf6 25. Bf1 Nh4 26. Re2 Bg4 27. Rxe3
Rxe3 28. Kf2 Re7 29. Re1 Rxe1 30. Kxe1 Ng6 31. Be2 Bxe2 32. Nxe2 Qh4+ 33. g3
Qxh2 34. Qe4 Kf8 35. Kd2 Qf2 36. Qb1 h5 37. Qb8+ Kg7 38. Qxd6 h4 39. gxh4 Nxh4
40. Qe5+ f6 41. Qe7+ Kg6 42. Qe4+ Kh6 43. d6 Nf3+ 44. Kc2 c4 45. d7 Ne1+ 46. Kd2
Nd3 47. Qh1+ Kg7 48. d8=Q 1-0